Statistics for Who Starred in that Movie Quiz #7

Click here to take the quiz!

General Stats

  • This quiz has been taken 36,229 times
    (12,255 since last reset)
  • The average score is 12 of 22

Answer Stats

Movies Star % Correct
Top Gun, Jerry Maguire, Mission ImpossibleTom Cruise
99%
Independence Day, Men in Black, I am LegendWill Smith
89%
Face/Off, Saturday Night Fever, Battlefield EarthJohn Travolta
80%
Maid in Manhattan, The Wedding Planner, GigliJennifer Lopez
72%
Footloose, Apollo 13, A Few Good MenKevin Bacon
63%
Dude Where's My Car?, Jobs, The Butterfly EffectAshton Kutcher
63%
Million Dollar Baby, Boys Don't Cry, P.S. I Love YouHilary Swank
62%
Se7en, Iron Man, Shakespeare in LoveGwyneth Paltrow
58%
Twilight, On the Road, Snow White and the HuntsmanKristen Stewart
57%
Boogie Nights, The Fighter, The DepartedMark Wahlberg
56%
American Hustle, The Hangover, Wedding CrashersBradley Cooper
56%
Batman, Multiplicity, Mr. MomMichael Keaton
51%
Grosse Point Blank, High Fidelity, 2012John Cusack
46%
Law Abiding Citizen, The Bounty Hunter, 300Gerard Butler
46%
Big Momma's House, Bad Boys, House PartyMartin Lawrence
45%
The Social Network, Zombieland, Now You See MeJesse Eisenberg
44%
Julie & Julia, American Hustle, ArrivalAmy Adams
44%
Cool Runnings, Canadian Bacon, Brewster's MillionsJohn Candy
43%
In Bruges, The English Patient, Harry Potter and the Deathly HallowsRalph Fiennes
41%
The Godfather, Rollerball, ElfJames Caan
34%
Madea Goes to Jail, Madea's Witness Protection, Alex CrossTyler Perry
32%
Tin Cup, Lethal Weapon 3, RansomRene Russo
21%

Score Distribution

Percentile by Number Answered

Percent of People with Each Score

Your Score History

You have not taken this quiz since the last reset